|
|
|
|
| LEADER |
00000naa2a2200000 4500 |
| 001 |
207591 |
| 005 |
20231031191210.0 |
| 035 |
|
|
|a (RuTPU)RU\TPU\book\226506
|
| 090 |
|
|
|a 207591
|
| 100 |
|
|
|a 20120126d2009 k y0rusy50 ca
|
| 101 |
0 |
|
|a rus
|
| 102 |
|
|
|a RU
|
| 200 |
1 |
|
|a Эстетика рекламы в городской среде
|f М. Ломшакова, Д. Е. Крапчунов
|
| 463 |
|
0 |
|0 (RuTPU)RU\TPU\book\208739
|t Трансформация научных парадигм и коммуникативные практики в информационном социуме
|o сборник научных трудов, Томск, 20-21 октября 2009 г.
|f Томский политехнический университет (ТПУ) ; под ред. В. Г. Рубанова
|v С. 24-26
|d 2009
|p 363 с.
|
| 610 |
1 |
|
|a города
|
| 610 |
1 |
|
|a городская среда
|
| 610 |
1 |
|
|a реклама
|
| 610 |
1 |
|
|a наружная реклама
|
| 610 |
1 |
|
|a дизайн
|
| 610 |
1 |
|
|a городское пространство
|
| 610 |
1 |
|
|a расположение
|
| 610 |
1 |
|
|a цветовое оформление
|
| 610 |
1 |
|
|a труды учёных ТПУ
|
| 700 |
|
1 |
|a Ломшакова
|b М.
|
| 701 |
|
1 |
|a Крапчунов
|b Д. Е.
|c российский специалист в области культурологии
|c доцент Томского политехнического университета, кандидат философских наук
|f 1979-
|g Даниил Евгеньевич
|2 stltpush
|3 (RuTPU)RU\TPU\pers\24669
|
| 801 |
|
1 |
|a RU
|b 63413507
|c 20120126
|
| 801 |
|
2 |
|a RU
|b 63413507
|c 20120523
|g RCR
|
| 942 |
|
|
|c BK
|